000 00761nam a2200217Ii 4500
003 JO-AjNU
008 230605s9999||||xx |||||||||||||| ||und||
017 _a2005/3/605
040 _aJO-AjNU
_bara
_erda
_cJO-AjNU
041 _aara
050 1 4 _aPJ8060 2005
100 3 _aالمعموري، ناجح,
_eauthor
_949286
245 0 0 _aنون والقوس: قراءة في ثلاثة نصوص للشاعر عبدالله رضوان
250 _aط1
264 3 1 _aعمان:المؤلف، 2005
300 _a153ص
336 _atext
_btxt
_2rdacontent
337 _aunmediated
_bn
_2rdamedia
338 _avolume
_bnc
_2rdacarrier
650 4 _aالشعر العربي - الشعراء العرب - النقد الادبي - التحليل الادبي
_949287
999 _aA21638
_c25206
_d25206